| 000 | 00884nam a22002535a 4500 | ||
|---|---|---|---|
| 003 | OSt | ||
| 005 | 20170328113128.0 | ||
| 008 | 170328s2016 ua frb 000 0 ara d | ||
| 015 | _a2015 / 26157 | ||
| 020 | _a9789770479582 | ||
| 040 |
_aEG-ScBUE _bara _cEG-ScBUE |
||
| 043 | _af-ua--- | ||
| 082 | 0 | 4 |
_a345.62 _bم ح م _222 |
| 100 | 1 | _aمحمد، بكري يوسف بكري. | |
| 245 | 1 | 2 |
_aالإجرام والعقاب / _cبكري يوسف بكري محمد. |
| 260 |
_aالقاهرة : _bدار النهضة العربية، _c2016. |
||
| 300 |
_a408 ص. ؛ _c24 سم. |
||
| 504 | _aيشتمل على إرجاعات ببليوجرافية. | ||
| 650 | 7 |
_aقانون العقوبات _zمصر. _2BUEsh _941137 |
|
| 650 | 7 |
_aالجريمة والمجرمون _xقوانين وتشريعات _zمصر. _2BUEsh |
|
| 651 | _2BUEsh | ||
| 653 |
_bLLAAWW _cMarch2017 |
||
| 942 | _2ddc | ||
| 999 |
_c24551 _d24523 |
||